00266nam a22001097a 4500008004100000020001500041082001600056100002300072245001700095260003500112300000900147230619b xxu||||| |||| 00| 0 eng d a8472081311 a155.90bMEL cDr. Julian Melgosa aLess Stress! aSpainbEditorial Safelizc2001 a189p